|
|
|
|
| LEADER |
00000nam0a2200000 4500 |
| 001 |
109018 |
| 005 |
20231031115907.0 |
| 010 |
|
|
|a 5217031972
|
| 035 |
|
|
|a (RuTPU)RU\TPU\book\117678
|
| 090 |
|
|
|a 109018
|
| 100 |
|
|
|a 20070130d2004 km y0rusy50 ca
|
| 101 |
0 |
|
|a rus
|
| 102 |
|
|
|a RU
|
| 105 |
|
|
|a a g 001zy
|
| 200 |
1 |
|
|a Автомобильный справочник
|f под ред. В. М. Приходько
|
| 210 |
|
|
|a Москва
|c Машиностроение
|d 2004
|
| 215 |
|
|
|a 704 с.
|c ил.
|
| 320 |
|
|
|a Библиогр.: с. 696.
|
| 330 |
|
|
|a Настоящее издание призвано оказать действенную помощь всем, кто занимается ремонтом и обслуживанием легковых и грузовых автомобилей. Специалисты и автолюбители найдут здесь ответы на многие интересующие их вопросы. В справочнике детально описаны диагностика автомобилей, в том числе их электронных систем, способы устранения различных неисправностей, ремонт и восстановление деталей, сборочных единиц. Приведены подробные сведения по ремонту кузовов. Даны технические характеристики автомобилей, двигателей, шин. Читатели найдут здесь подробную информацию по отечественным топливам, маслам, смазкам, техническим жидкостям и их зарубежным аналогам. Представлена новая классификация автотранспортных средств. Множество иллюстраций, схем, конкретные рекомендации профессионалов и сведения из ГОСТов делают справочник незаменимым пособием для специалистов и автолюбителей.
|
| 610 |
1 |
|
|a автомобили
|
| 610 |
1 |
|
|a двигатели
|
| 610 |
1 |
|
|a классификация
|
| 610 |
1 |
|
|a диагностика
|
| 610 |
1 |
|
|a электронные системы
|
| 610 |
1 |
|
|a компьютерная диагностика
|
| 610 |
1 |
|
|a трансмиссия
|
| 610 |
1 |
|
|a механизмы управления
|
| 610 |
1 |
|
|a ролевое управление
|
| 610 |
1 |
|
|a тормозные системы
|
| 610 |
1 |
|
|a колеса
|
| 610 |
1 |
|
|a щиты
|
| 610 |
1 |
|
|a подвески
|
| 610 |
1 |
|
|a электрооборудование
|
| 610 |
1 |
|
|a генераторы
|
| 610 |
1 |
|
|a стартеры
|
| 610 |
1 |
|
|a аккумуляторные батареи
|
| 610 |
1 |
|
|a регуляторы напряжения
|
| 610 |
1 |
|
|a системы зажигания
|
| 610 |
1 |
|
|a ремонт
|
| 610 |
1 |
|
|a повреждения
|
| 610 |
1 |
|
|a детали
|
| 610 |
1 |
|
|a восстановление
|
| 610 |
1 |
|
|a сборка
|
| 610 |
1 |
|
|a кузовы
|
| 610 |
1 |
|
|a справочники
|
| 675 |
|
|
|a 629.113(035)
|v 3
|
| 702 |
|
1 |
|a Приходько
|b В. М.
|4 340
|
| 801 |
|
1 |
|a RU
|b 63413507
|c 20070130
|g PSBO
|
| 801 |
|
2 |
|a RU
|b 63413507
|c 20091105
|g PSBO
|
| 900 |
|
|
|a Автомобили и тракторы
|
| 900 |
|
|
|a Электрооборудование автомобилей и тракторов
|
| 900 |
|
|
|a Технология производства электрооборудования автомобилей и тракторов
|
| 900 |
|
|
|a Эксплуатация и ремонт электрооборудования автомобилей и тракторов
|
| 900 |
|
|
|a Системы освещения, контроля, комфорта автомобилей
|
| 900 |
|
|
|a Электронные и микропроцессорные средства автомобилей
|
| 900 |
|
|
|a Контрольно-диагностическое и испытательное оборудование автомобилей
|
| 900 |
|
|
|a Техническая диагностика электрооборудования автомобилей
|
| 942 |
|
|
|c BK
|
| 959 |
|
|
|a 11/20070130
|d 1
|e 806,00
|f НФ:1
|